Electrocardiogram analysis (Запись № 3242553)

Подробности
000 -МАРКЕР
контрольное поле 01369nam0a2200265 4500
001 - ИДЕНТИФИКАТОР ЗАПИСИ
контрольное поле RU\NLR\b_ik\143498
005 - ИДЕНТИФИКАТОР ВЕРСИИ
контрольное поле 20260407134125.0
035 ## - ДРУГИЕ СИСТЕМНЫЕ НОМЕРА
Идентификатор записи (NLR Aleph) 002216673
100 ## - ДАННЫЕ ОБЩЕЙ ОБРАБОТКИ
Данные общей обработки 20060309d2005 |||y0rusy50 ca
101 0# - ЯЗЫК РЕСУРСА
Язык текста, звукозаписи и т.д. английский
Язык резюме русский
102 ## - СТРАНА ПУБЛИКАЦИИ ИЛИ ПРОИЗВОДСТВА
Страна публикации российская федерация
105 ## - ПОЛЕ КОДИРОВАННЫХ ДАННЫХ: ТЕКСТОВЫЕ МАТЕРИАЛЫ, МОНОГРАФИЧЕСКИЕ
Кодированные данные о монографическом текстовом документе a |||||||||
200 1# - ЗАГЛАВИЕ И СВЕДЕНИЯ ОБ ОТВЕТСТВЕННОСТИ
Основное заглавие Electrocardiogram analysis
Параллельное заглавие Анализ электрокардиограмм
Сведения, относящиеся к заглавию a systemic guide to ECG diagnosis
-- prepared for foreign students of the medical faculty
Первые сведения об ответственности Kursk state medical univ., Dep. of the propaedeutics of internal diseases
Последующие сведения об ответственности [auth.: E.N. Konoplya et al.]
210 ## - ПУБЛИКАЦИЯ, РАСПРОСТРАНЕНИЕ И ДР.
Место издания, распространения и т.д. Kursk
Имя издателя, распространителя и т. д. Изд-во Курского государственного медицинского университета
Дата издания, распространения и т.д. 2005
215 ## - ФИЗИЧЕСКАЯ ХАРАКТЕРИСТИКА
Специфическое обозначение материала и объем 41 с.
Другие сведения о физической характеристике ил.
Размеры 21
300 ## - ОБЩИЕ ПРИМЕЧАНИЯ
Текст примечания Рез. на рус. яз.
606 1# - НАИМЕНОВАНИЕ ТЕМЫ КАК ПРЕДМЕТ
Наименование темы Электрокардиограммы
Формальный подзаголовок Учебные издания для высших учебных заведений
Тематический подзаголовок Анализ
Системный номер авторитетной/нормативной записи 968149
Идентификатор авторитетной/нормативной записи RU\NLR\AUTH\66362701
686 4# - ИНДЕКСЫ ДРУГИХ КЛАССИФИКАЦИЙ
Индекс Р343.371я73
702 #1 - ИМЯ ЛИЦА - ВТОРИЧНАЯ ОТВЕТСТВЕННОСТЬ
Начальный элемент ввода Konoplja
Часть имени, кроме начального элемента ввода E. N.
Расширение инициалов личного имени Evgenija Nikitična
Код отношения Составитель
712 02 - НАИМЕНОВАНИЕ ОРГАНИЗАЦИИ - ВТОРИЧНАЯ ОТВЕТСТВЕННОСТЬ
Код отношения Прочие
Материалы, к которым относится поле eng
Начальный элемент ввода Kursk state medical university
Структурное подразделение Department of the propaedeutics of the internal diseases
Графика поля Латинская
Идентификатор авторитетной/нормативной записи RU\NLR\AUTH\8810080585
Системный номер авторитетной/нормативной записи 663352
801 #0 - ИСТОЧНИК ЗАПИСИ
Страна российская федерация
Организация NLR
Дата составления 20060309
Правила каталогизации PSBO
942 ## - ДОПОЛНИТЕЛЬНЫЕ ЭЛЕМЕНТЫ ЗАПИСИ (АБИС)
Тип экземпляра АБИС Книга
980 ## - КОЛЛЕКЦИЯ
Название коллекции Национальная библиография
Экземпляры
Тип экземпляра Дата поступления Источник поступления Библиотека постоянного хранения Библиотека текущего хранения Место хранения Шифр хранения Штрих-код Статус не для выдачи Публичное примечание
Книга 09.03.2006 Обязательный экземпляр РНБ (Московский) РНБ (Московский) Иностранный книжный фонд Ик 2006-4/13 1052441   ;